000 00842nam a2200229Ia 4500
001 11362
003 GE_BSU
008 181216s||||||||xx |||||||||||||| ||und||
020 _a978575676
040 _cGE_BSU
080 _a32(031)
245 _aПолитические системы современных государств.Том 1.
245 _bЭнциклопедический справочник в четырех томах.
245 _cГл.ред:А.В.Торкунов;науч.ред:А.Ю.Мельвиль;отв.ред:М.Г.Миронюк.
260 _aМосква.
260 _bАспект Пресс.
260 _c2012.
300 _a616стр;илл;30см.
541 _h135л.
653 _aПолитические системы современных государств.Том 1.
942 _cBK
999 _c44559
_d44559